HKDSE Chemistry Names to Symbols quiz --- elements - Statistics

General Stats
  • This quiz has been taken 1,295 times
  • The average score is 29 of 43
Answer Stats
Chemical Names Chemical Symbol Answer % Correct
Nickel Ni
94%
Oxygen O
93%
Cobalt Co
92%
Helium He
92%
Magnesium Mg
92%
Sulphur S
92%
Argon Ar
91%
Boron B
91%
Lithium Li
91%
Calcium Ca
90%
Beryllium Be
89%
Phosphorus P
89%
Nitrogen N
88%
Sodium Na
88%
Chlorine Cl
86%
Potassium K
86%
Copper Cu
82%
Neon Ne
81%
Silver Ag
79%
Carbon C
79%
Silicon Si
79%
Radon Rn
76%
Zinc Zn
75%
Tin Sn
72%
Iron Fe
65%
Chromium Cr
63%
Mercury Hg
61%
Titanium Ti
61%
Manganese Mn
58%
Fluorine F
57%
Gold Au
53%
Strontium Sr
46%
Iodine I
43%
Rubidium Rb
42%
Xenon Xe
41%
Aluminium Al
40%
Barium Ba
33%
Platinum Pt
33%
Uranium U
31%
Caesium Cs
26%
Bromine Br
24%
Vanadium V
23%
Hydrogen H
22%
No matching quizzes found
Score Distribution
Percent of People with Each Score
Percentile by Number Answered
Your Score History
You have not taken this quiz